| 000 | 00571nam a2200229Ia 4500 | ||
|---|---|---|---|
| 003 | OSt | ||
| 005 | 20220928141140.0 | ||
| 006 | a|||||r|||| 00| 0 | ||
| 007 | ta | ||
| 008 | 220927b |||||||| |||| 00| 0 eng d | ||
| 024 | _a13869 | ||
| 037 | _cTextual | ||
| 040 |
_aSDCL _cSDCL _beng |
||
| 041 |
_2eng _aeng |
||
| 082 | _aX:8, N8 | ||
| 100 | _aLallan Prasad | ||
| 245 | 0 |
_aManagement _b Principles and practice |
|
| 260 | _c1998 | ||
| 700 | _a Gulshan S S | ||
| 942 |
_hX:8, N8 _cTEXL _2CC |
||
| 999 |
_c816278 _d816278 |
||